Catálogo

Los santos padres en la tradición cristiana / (Registro nro. 16397)

Detalles MARC
000 -LEADER
fixed length control field 01268cam a2200349 i 4500
001 - CONTROL NUMBER
control field 16397
003 - CONTROL NUMBER IDENTIFIER
control field Mx-PuUPA
005 - DATE AND TIME OF LATEST TRANSACTION
control field 20250509093426.0
008 - FIXED-LENGTH DATA ELEMENTS--GENERAL INFORMATION
fixed length control field 140415s1988 sp gr 000 0 spa d
017 ## - COPYRIGHT OR LEGAL DEPOSIT NUMBER
Copyright or legal deposit number M-27674-1988
020 ## - INTERNATIONAL STANDARD BOOK NUMBER
International Standard Book Number 847490207X
040 ## - CATALOGING SOURCE
Original cataloging agency Mx-PuUPA
Language of cataloging spa
Transcribing agency Mx-PuUPA
Modifying agency Mx-PuUPA
Description conventions rda
041 1# - LANGUAGE CODE
Language code of text/sound track or separate title spa
Language code of original ita
100 1# - MAIN ENTRY--PERSONAL NAME
Personal name Bellini, Enzo,
Dates associated with a name 1934-1981
Relator term autor
9 (RLIN) 17017
240 12 - UNIFORM TITLE
Uniform title I padri nella tradizione cristiana.
Language of a work Español
245 14 - TITLE STATEMENT
Title Los santos padres en la tradición cristiana /
Statement of responsibility, etc. Enzo Bellini ; edición preparada por Luigi Saibene ; traductor, Abundio Rodríguez
250 ## - EDITION STATEMENT
Edition statement 1a edición /
Remainder of edition statement julio
264 #1 - PRODUCTION, PUBLICATION, DISTRIBUTION, MANUFACTURE, AND COPYRIGHT NOTICE
Place of production, publication, distribution, manufacture Madrid :
Name of producer, publisher, distributor, manufacturer Ediciones Encuentro,
Date of production, publication, distribution, manufacture, or copyright notice 1988
300 ## - PHYSICAL DESCRIPTION
Extent 140 páginas ;
Dimensions 18 cm
336 ## - CONTENT TYPE
Fuente rdacontent
Content type term texto
Content type code txt
337 ## - MEDIA TYPE
Source rdamedia
Media type term sin medio
Media type code n
338 ## - CARRIER TYPE
Source rdacarrier
Carrier type term volumen
Carrier type code nc
490 0# - SERIES STATEMENT
Series statement Libros de bolsillo ;
Volume/sequential designation 50
650 #7 - SUBJECT ADDED ENTRY--TOPICAL TERM
Source of heading or term armarc
Topical term or geographic name entry element Padres de la iglesia
650 #7 - SUBJECT ADDED ENTRY--TOPICAL TERM
Source of heading or term armarc
Topical term or geographic name entry element Patrística
700 1# - ADDED ENTRY--PERSONAL NAME
Personal name Rodríguez, Abundio,
Relator term traductor
700 1# - ADDED ENTRY--PERSONAL NAME
Personal name Saibene, Luigi,
Relator term editor
765 0# - ORIGINAL LANGUAGE ENTRY
Main entry heading Bellini, Enzo, 1934 - 1981
Place, publisher, and date of publication Milan : Editoriale Jaca Book, ©1982
Title I padri nella tradiziones cristiana
942 ## - ADDED ENTRY ELEMENTS (KOHA)
Source of classification or shelving scheme Dewey Decimal Classification
Koha item type Libro
Classification part 270.1
Item part B42
Existencias
Withdrawn status Lost status Source of classification or shelving scheme Damaged status Not for loan Collection code Home library Current library Shelving location Date acquired Source of acquisition Total Checkouts Full call number Barcode Date last seen Price effective from Koha item type
    Dewey Decimal Classification     General Biblioteca Karol Wojtyla Biblioteca Karol Wojtyla Sala general 03/12/2013 Compra   270.1 B42 1988 34193 05/01/2026 03/12/2013 Libro
    Dewey Decimal Classification     General Centro de Estudios en Ciencia y Religión Centro de Estudios en Ciencia y Religión Sala general 03/12/2013     270.1 B42 1988 45316 05/01/2026 03/12/2013 Libro